Marketingové plánovanie podniku bakalárska práca

Uložené v:
Podrobná bibliografia
Hlavný autor: Hejčík, Ladislav
Korporativný autor: Fakulta podnikového manažmentu EU. Katedra podnikovohospodárska
Ďalší autori: Grančičová, Katarína, 1967-
Médium: Kniha
Jazyk:Slovak
Vydavateľské údaje: Bratislava 2010
Tagy: Pridať tag
Žiadne tagy, Buďte prvý, kto otaguje tento záznam!

MARC

LEADER 00000nbm a2200000 4500
001 0133621
005 20161109111540.4
041 0 |a slo 
044 |a SK 
245 1 0 |a Marketingové plánovanie podniku  |b bakalárska práca  |c Ladislav Hejčík ; školiteľ: Katarína Grančičová 
264 1 |a Bratislava  |c 2010 
300 |a 46 s. 
100 1 |a Hejčík, Ladislav 
700 1 |a Grančičová, Katarína, 1967- 
710 2 |a Fakulta podnikového manažmentu EU. Katedra podnikovohospodárska